MARC details
| 000 -LEADER |
| fixed length control field |
01443cam a2200361 a 4500 |
| 001 - CONTROL NUMBER |
| control field |
7098 |
| 003 - CONTROL NUMBER IDENTIFIER |
| control field |
BD-DhEWU |
| 005 - DATE AND TIME OF LATEST TRANSACTION |
| control field |
20150316020003.0 |
| 008 - FIXED-LENGTH DATA ELEMENTS--GENERAL INFORMATION |
| fixed length control field |
100111t2009 bg a g b 101 0 eng d |
| 020 ## - INTERNATIONAL STANDARD BOOK NUMBER |
| International Standard Book Number |
9789848815038 |
|
| International Standard Book Number |
9848815031 |
| 035 ## - SYSTEM CONTROL NUMBER |
| System control number |
(OCLC)497890630 |
| 040 ## - CATALOGING SOURCE |
| Original cataloging agency |
DLC |
| Transcribing agency |
DLC |
| Modifying agency |
DLC |
| -- |
BD-DhEWU |
| Language of cataloging |
eng |
| 041 ## - LANGUAGE CODE |
| Language code of text/sound track or separate title |
eng |
| 050 00 - LIBRARY OF CONGRESS CALL NUMBER |
| Classification number |
HC440.8 |
| Item number |
.D4665 2009 |
| 082 04 - DEWEY DECIMAL CLASSIFICATION NUMBER |
| Classification number |
330.95492 |
| Item number |
DEV 2009 |
| 245 00 - TITLE STATEMENT |
| Title |
Development experience and emerging challenges : |
| Remainder of title |
Bangladesh / |
| Statement of responsibility, etc |
editors, Quazi Shahabuddin, Rushidan Islam Rahman. |
| 260 ## - PUBLICATION, DISTRIBUTION, ETC. (IMPRINT) |
| Place of publication, distribution, etc |
Dhaka : |
| Name of publisher, distributor, etc |
University Press, |
| Date of publication, distribution, etc |
c2009. |
| 300 ## - PHYSICAL DESCRIPTION |
| Extent |
xxii, 357 p. : |
| Other physical details |
ill. ; |
| Dimensions |
22 cm. |
| 500 ## - GENERAL NOTE |
| General note |
"Bangladesh Institute of Development Studies." |
| 504 ## - BIBLIOGRAPHY, ETC. NOTE |
| Bibliography, etc |
Includes bibliographical references and index. |
| 520 ## - SUMMARY, ETC. |
| Summary, etc |
Contributed papers presented at an international conference organized by Bangladesh Institute of Development Studies in December 2007. |
| 526 ## - STUDY PROGRAM INFORMATION NOTE |
| Program name |
Economics |
| 590 ## - LOCAL NOTE (RLIN) |
| Local note |
Saifun Momota |
| 650 ## - SUBJECT ADDED ENTRY--TOPICAL TERM |
| Topical term or geographic name as entry element |
Bangladesh -- Economic conditions -- Congresses. |
| 9 (RLIN) |
4485 |
|
| Topical term or geographic name as entry element |
Bangladesh -- Economic policy -- Congresses. |
| 9 (RLIN) |
4484 |
|
| Topical term or geographic name as entry element |
Economic history. |
| 9 (RLIN) |
907 |
| 700 1# - ADDED ENTRY--PERSONAL NAME |
| Personal name |
Shahabuddin, Quazi. |
| 9 (RLIN) |
1132 |
|
| Personal name |
Rahman, Rushidan Islam. |
| 9 (RLIN) |
1133 |
| 856 ## - ELECTRONIC LOCATION AND ACCESS |
| Materials specified |
WorldCat details |
| Uniform Resource Identifier |
http://www.worldcat.org/title/development-experience-and-emerging-challenges-bangladesh/oclc/497890630&referer=brief_results |
| 942 ## - ADDED ENTRY ELEMENTS (KOHA) |
| Source of classification or shelving scheme |
Dewey Decimal Classification |
| Koha item type |
Text |
| Koha issues (borrowed), all copies |
2 |